Džungľa /

Main Author: Crummenerl, Rainer, 1942-
Other Authors: Krautmannová, Milada
Language: Slovak
Published: [Praha] : Thovt, c2010
Series: Prvé čítanie s poučením
Subjects:
Physical Description: 57 s. : barev. il. ; 22 cm
Book
Saved in:
LEADER 01769nam a2200505 a 4500
001 nkc20102130392
003 CZ PrNK
005 20101103123933.0
007 ta
008 101008s2010 xr a b f 000 j slo
015 |a cnb002130392 
020 |a 978-80-87469-01-9  |q (váz.) 
035 |a (OCoLC)693933756 
040 |a OLA001  |b cze 
041 1 |a slo  |h ger 
072 7 |a 821-93  |x Literatura pro děti a mládež (beletrie)  |2 Konspekt  |9 26 
080 |a 821-93  |2 MRF 
080 |a 911.2(253)  |2 MRF 
080 |a 581.526.422(213.5)  |2 MRF 
080 |a (0:82-32)  |2 MRF 
080 |a (0.062)  |2 MRF 
100 1 |a Crummenerl, Rainer,  |d 1942-  |7 mzk2006331683  |4 aut 
245 1 0 |a Džungľa /  |c Rainer Crummenerl ; ilustrácie Milada Krautmannová ; [z originálu preložila Runka Žaludová] 
260 |a [Praha] :  |b Thovt,  |c c2010 
300 |a 57 s. :  |b barev. il. ;  |c 22 cm 
490 1 |a Prvé čítanie s poučením 
500 |a Přeloženo z němčiny 
650 0 7 |a džungle  |7 ph518321  |2 czenas 
650 0 7 |a tropické deštné lesy  |7 ph116488  |2 czenas 
650 0 9 |a jungle  |2 eczenas 
650 0 9 |a tropical rain forests  |2 eczenas 
655 7 |a příběhy  |7 fd133204  |2 czenas 
655 7 |a populárně-naučné publikace  |7 fd131864  |2 czenas 
655 7 |a publikace pro děti  |7 fd133156  |2 czenas 
655 9 |a stories  |2 eczenas 
655 9 |a popular works  |2 eczenas 
655 9 |a children's literature  |2 eczenas 
700 1 |a Krautmannová, Milada  |7 mzk2010604804  |4 ill 
765 0 |t Dschungel-Wissen (Leselöwen)  |9 Slovensky 
830 0 |a Prvé čítanie s poučením 
910 2 |a BOA001  |b M2-1251.360 
990 |a BK 
995 |a 01 
991 |b 201011  |e db 
996 6 |b 2610449827  |c M2-1251.360  |l MZK  |r Sklad / do 24 hodin  |n 0  |p p.v.  |w 001150714  |u 000010  |a 1  |e BOA001  |j MZK50  |s P